000 00413nam a2200181Ia 4500
001 24124
005 20260414151022.0
008 260414t2015||||xx |||||||||||||| ||spa||
041 _aESP
082 _a742
_bP26
100 _aParicio, Jorge
_eAUT
245 0 _aPerspective sketching
_b
260 _c2015
300 _a224 páginas :
_c28 cm.
650 _aABD
654 _aCAU
942 _cLIB
_dJUS
_fJUS
_2ddc
_n
999 _c24124
_d24124